[Event "Nuremberg Zabo op 07th"]
[Site "Nuremberg"]
[Date "2005.09.25"]
[Round "4"]
[White "Baur, Stephan"]
[Black "Koblenz, Christoph"]
[Result "1-0"]
[WhiteElo "1488"]
[BlackElo "1565"]
[PlyCount "111"]
[EventDate "2005.09.23"]
[EventType "swiss"]
[EventRounds "5"]
[EventCountry "GER"]
[SourceTitle "EXT 2012"]
[Source "ChessBase"]
[SourceDate "2011.11.24"]
[SourceVersion "1"]
[SourceVersionDate "2011.11.24"]
[SourceQuality "1"]

1. e4 c5 2. Nf3 Nc6 3. d4 cxd4 4. Nxd4 e6 5. Nc3 Bb4 6. Nxc6 bxc6 7. Bd2 d5 8. exd5 cxd5 9. Bb5+ Bd7 10. Qg4 Bf8 11. 0-0 Nf6 12. Qd4 Be7 13. a4 0-0 14. Bd3 Qc7 15. Bg5 e5 16. Qh4 e4 17. Be2 Rfe8 18. Rfd1 Bc6 19. f3 Qb6+ 20. Qf2 Qxb2 21. Nb5 Bxb5 22. Bxb5 Rec8 23. Rab1 Qxc2 24. Qxc2 Rxc2 25. Bxf6 Bxf6 26. Rxd5 exf3 27. gxf3 h6 28. Bd3 Rd2 29. Bh7+ Kxh7 30. Rxd2 a5 31. Rb7 Kg8 32. Rdd7 Rf8 33. Kg2 Bc3 34. h4 h5 35. Rdc7 Bb4 36. Ra7 g6 37. Rd7 Kg7 38. f4 Kf6 39. Kf3 Kg7 40. Ra6 Rc8 41. Ke4 Rc4+ 42. Rd4 Rc7 43. f5 Kh6 44. Kf4 Rc5 45. fxg6 fxg6 46. Re6 Rc2 47. Rd7 Rc4+ 48. Kg3 Rc8 49. Ra6 Re8 50. Raa7 Rh8 51. Kf4 Bc3 52. Ke4 Bb4 53. Ke5 Bc3+ 54. Ke6 Bb4 55. Rdc7 g5 56. Kf5 1-0